000 00554nam a2200193Ia 4500
005 20250507130244.0
008 008 250505s9999 xx 000 0 eng d
037 _aSeries Article
040 _aEASL
_beng
_cEASL
041 _aeng
_2eng
084 _qEASL
100 _aHsiao-Ting Lin
_9669121
245 0 _aWar or stratagem?reassessing china's military advance towards tibet,1942-1943
260 _aUK
_bUK Cambridge Univesity Press UK
_c2006
300 _a446-462
650 _aChina
942 _cSRA
999 _c1318598
_d1318598